00868nam a22002057a 4500003000400000005001700004008004100021024001600062040000900078245003400087260006600121300001100187500009200198500015200290610004000442610005800482942001300540999001500553952009400568OSt20130604131314.0130604s2000 sp ||||| |||||00| 0 cat d aB/43.890/77 cCDMR00aDiari de Vilanovab: 150 anys aVilanova i la Geltrú (Barcelona)bEdicions del Garrafc2000 a102 p. aNúmero especial dedicat al 150è aniversari (1850-2000) del diari, 1 d'agost de 2000 aAdjunta edició facsímil del 1r número del diari, publicat el 4 d'agost de 1850, com a "Diario de Villanueva de Ciencias, Literatura y Avisos"2 93664aDiari de VilanovaxHistòria2 93664aDiari de VilanovaxDirecció i administració 2udccMON c6399d6399 00104070aCDMRbCDMRd2013-01-16l0oDu 9/18pCDMR13066612r2013-06-04w2013-06-04yMON